书目信息 |
| 题名: |
园林工程建设作品鉴赏
|
|
| 作者: | 衣学慧 主编 | |
| 分册: | ||
| 出版信息: | 北京 化学工业出版社 2005.01 |
|
| 页数: | 392页 | |
| 开本: | 21cm | |
| 丛书名: | 园林工程建设技术丛书 | |
| 单 册: | ||
| 中图分类: | TU986.2 , TU986.2 | |
| 科图分类: | ||
| 主题词: | 园林设计--Yuan Lin She Ji--鉴赏--世界 , 园林--规划 , 公园--绿化规划 | |
| 电子资源: | ||
| ISBN: | 7-5025-6257-5 | |
| 000 | 00944nam 2200313 450 | |
| 001 | 12498 | |
| 005 | 20050607105351.57 | |
| 010 | @a7-5025-6257-5@dCNY 27.00 | |
| 099 | @aCAL 012005012505 | |
| 100 | @a20050225d2005 ekmy0chiy0121 ea | |
| 101 | 0 | @achi |
| 102 | @aCN@b110000 | |
| 105 | @aaf a 000yy | |
| 200 | 1 | @a园林工程建设作品鉴赏@AYuan Lin Gong Cheng Jian She Zuo Pin Jian Shang@f衣学慧主编 |
| 210 | @a北京@c化学工业出版社@d2005.01 | |
| 215 | @a392页@c图 (部分彩图)@d21cm | |
| 225 | 2 | @a园林工程建设技术丛书@AYuan Lin Gong Cheng Jian She Ji Shu Cong Shu |
| 320 | @a有书目 | |
| 410 | 0 | @12001 @a园林工程建设技术丛书 |
| 606 | 0 | @a园林设计@AYuan Lin She Ji@x鉴赏@y世界 |
| 606 | 0 | @a园林@x规划 |
| 606 | 0 | @a公园@x绿化规划 |
| 690 | @aTU986.2@v4 | |
| 690 | @aTU986.2@v3 | |
| 701 | 0 | @a衣学慧@AYi Xue Hui@4主编 |
| 801 | 0 | @aCN@bNMU@c20050607 |
| 905 | @a10447@dTU986.2@eY509 | |
| 906 | @dCNY27.00@n0@r1 | |
| 998 | @aNMU | |
| 园林工程建设作品鉴赏/衣学慧主编.-北京:化学工业出版社,2005.01 |
| 392页:图 (部分彩图);21cm.-(园林工程建设技术丛书) |
| ISBN 7-5025-6257-5:CNY 27.00 |
| ● |
| 相关链接 |
|
|
|
正题名:园林工程建设作品鉴赏
索取号:TU986.2/Y509
 
预约/预借
| 序号 | 登录号 | 条形码 | 馆藏地/架位号 | 状态 | 备注 |
| 1 | 531104 | 205311045 | 自科二线404/404自科库 26排4列3层/ [索取号:TU986.2/Y509] | 在馆 | |
| 2 | 531105 | 205311054 | 建筑库201/201建筑库 110排2列1层/ [索取号:TU986.2/Y509] | 在馆 | |
| 3 | 531106 | 205311063 | 建筑库201/201建筑库 110排2列1层/ [索取号:TU986.2/Y509] | 在馆 | |
| 4 | 531107 | 205311072 | 自科二线404/404自科库 26排4列3层/ [索取号:TU986.2/Y509] | 在馆 | |
| 5 | 531108 | 205311081 | 建筑库201/201建筑库 110排2列1层/ [索取号:TU986.2/Y509] | 在馆 | |
| 6 | 579208 | 205792089 | 建筑库201/201建筑库 110排2列1层/ [索取号:TU986.2/Y509] | 在馆 | |
| 7 | 579209 | 205792098 | 建筑库201/201建筑库 110排2列1层/ [索取号:TU986.2/Y509] | 在馆 |